000 01378nam a2200301 i 4500
001 183993
003 ES-MaACL
005 20250729063247.0
008 150128s2007 sp aco c |||| |dspa d
020 _a84-935455-3-6
080 _a738/739(460.184 Benavente)(083.824)
080 _a745/749(460.184 Benavente)(083.824)
245 0 0 _aValles de Benavente :
_bartesanía de jubilados (II) : exposición /
_c[autor de los textos, de las fotografías y coordinador de la exposición], Emiliano Pérez Mencía
246 1 _aArtesanía de jubilados.
_n2
260 _aBenavente :
_bCentro de Estudios Benaventanos "Ledo del Pozo",
_c2007.
300 _a67 páginas :
_bilustraciones (color) ;
_c24 cm
490 1 _aExposiciones y catálogos ;
_v14
650 4 _aArtesanía-
_zZamora (Provincia)
_9156247
655 7 _aCatálogos de exposiciones
_2tgfbne
_9193628
700 1 _aPérez Mencía, Emiliano,
_d1942-
_eaut
_9156182
710 2 _aCentro de Estudios Benaventanos "Ledo del Pozo"
_eedt
_9144530
830 0 _aExposiciones y catálogos ;
_v14
_9187714
852 _aES-MaACL
_bR.150342
_cDEPO1
_dOlim: N-6345
_hDonativo Centro de Estudios Benaventanos "Ledo del Pozo"
_jA-13345
_9 190958
914 _9144530
_aCentro de Estudios Benaventanos "Ledo del Pozo"
_ednr
942 _2udc
_cMONOGRAFIA
_n0
999 _c183993
_d183993